Wissenschaften - Statistiken

Allgemein
  • Dieses Quiz wurde 82 mal gespielt
  • Das Durchschnittsergebnis liegt bei 6 aus 30
Antwortstatistiken
Wissenschaft von/vom… Fachbegriff % Korrekt
Herzen Kardiologie
67%
Gesteinen Petrologie
63%
Giften Toxikologie
54%
Vögeln Ornithologie
53%
Wasser Hydrologie
46%
Erdbeben Seismologie
42%
Menschen Anthropologie
38%
Pflanzen Botanik
31%
Bakterien Bakteriologie
26%
Krankheiten in Populationen Epidemiologie
19%
Gletschern/Eismassen Glaziologie
17%
Pilzen Mykologie
17%
Metallen Metallurgie
14%
Technik im Nanobereich Nanotechnologie
14%
der Sonne Heliophysik
13%
Insekten Entomologie
10%
Sprachlauten Phonetik
10%
Leben außerhalb der Erde Astrobiologie
6%
Wörtern Etymologie
4%
Binnengewässern Limnologie
4%
Wein Oenologie
4%
Geräuschen von Lebewesen Bioakustik
3%
geologischen Prozessen auf anderen Planeten Exogeologie
3%
Ursachen von Krankheiten/Phänomenen Ätiologie
1%
Verhalten von Menschen/Tierenim Vergleich Ethologie
1%
biologischen Rhythmen Chronobiologie
0%
Bäumen Dendrologie
0%
fossilen Ablagerungen Eklogie
0%
Symbolen in der Kunst Ikonologie
0%
Flechten Lichenologie
0%
Keine übereinstimmenden Quizze gefunden
Verteilung der Resultate
Anzahl Personen mit jedem Resultat
Perzentil nach korrekt beantworteten Fragen
Ihre Resultats-Entwicklung
Sie haben dieses Quiz noch nicht gespielt